=LDR 00000nam 2200000 4500 =001 INLIS000000000034654 =005 20130612140542 =008 ***********************************ind** =035 ##$$0010-061300000034654 =041 ##$$a ind =082 ##$$a 372.803 =090 ##$$a 372.803, Mus,k =100 ##$$a Musholi, Amran =245 ##$$a Kamus Pintar Bergambar, Pertanian, Amran Musholi;Editor,Garfika Rahmasari, agus Jakaria =260 ##$$a [20...?] $b Bandung =300 ##$$a iv,35 hlm., Illus., 25 cm =650 ##$$a Pendidikan Dasar-Pertanian Kamus =700 ##$$a Rahmasari, Garfika =850 ##$$a NBPNMAT